000 01774nam a2200265Ia 4500
003 Ost
005 20260507075121.0
008 260507s9999||||xx |||||||||||||| ||und||
020 _a3455673977
040 _cfsecg
041 _aara
082 _a382.92
100 _eمؤلف
245 0 _aالإتفاقية العامة للتجارة في الخدمات (GATS) وعلاقتها بقطاع النقل في الدول العربية /
260 _aالقاهرة:
_bالمنظمة العربية للتنمية الإدارية,
_c2005
300 _a488 صفحة؛
_bإيضاحات ؛
_c24 سم
490 _aسلسلة بحوث ودراسات
_v393
520 _aالتجارة الخارجية والنظام التجاري الدولي الجديد- التجارة الدولية في الخدمات على خريطة الإقتصاد العالمي- منظمة التجارة العالمية والنظام التجاري الدولي الجديد- الإنضمام الى منظمة التجارة العالمية وموقف الإلتزمات للدول المنظمة حديثا- الإتفاقية العامة للتجارة في الخدمات(الجاتس)- التجارة في الخدمات جاتس 2000- موقف الإلتزمات المقدمة للتجارة الخارجية- الآثار المتوقعة لإتفاقية على قطاع النقل والإطار العمل المقترح- الخلاصة والتوصيات
653 _aالتجارة الخارجية
653 _aالتجارة الدولية
653 _aالقانون الدولي التجاري
653 _aمنظمة التجارة العالمية GATS
700 _aلاشين، عبد القادر فتحي
_eمؤلف ثانوي
942 _cكتاب
999 _c43076
_d43076